[Event "Challenge"]
[Site "http://www.queenalice.com/game.php?id=617926"]
[Date "2009.7.13"]
[Round "-"]
[White "mestredosmagos"]
[Black "tomklinger"]
[Result "0-1"]
[WhiteElo "1815"]
[BlackElo "2017"]

1. g3 Nf6 2. Bg2 g6 3. Nf3 Bg7 4. O-O O-O 5. c3 d6 6. d3 Nc6 7. Bg5 Bg4 8. Nbd2
e5 9. Bxf6 Bxf6 10. Qb3 b6 11. a4 Be6 12. Qc2 d5 13. b3 Qd6 14. c4 Nb4 15. Qd1
e4 16. Rc1 exf3 17. Nxf3 c5 18. Ra1 Bxa1 19. Qxa1 Rad8 20. a5 dxc4 21. bxc4 Nc6
22. axb6 axb6 23. Qf6 Bf5 24. Qh4 f6 25. g4 Bc8 26. g5 Ne5 27. gxf6 Nxf3+ 28.
exf3 Rxf6 29. Qe4 Qxd3 30. Qh4 Rdf8 31. h3 Bb7 32. Qg4 Bxf3 33. Bxf3 Qxf3 34.
Qxf3 Rxf3 35. Kg2 Rc3 36. Rb1 Rb8 37. f3 Rxc4 38. Kg3 Rb4 39. Rc1 c4 40. Kg2 b5
41. Kg3 Rb3 42. Kg2 c3 43. Kg3 b4 44. Kf2 Rb2+ 45. Ke3 Rd8 46. f4 c2 47. Ke4 b3
48. Ke3 Rb1 49. Rxc2 bxc2 50. Ke4 c1=Q 51. Ke5 Qe3+ 52. Kf6 Qxf4+ 53. Ke7 Qd6#
0-1

[Event "Richardlim"]
[Site "http://www.queenalice.com/game.php?id=635650"]
[Date "2009.8.13"]
[Round "3"]
[White "tomklinger"]
[Black "cesargarcia"]
[Result "0-1"]
[WhiteElo "2025"]
[BlackElo "2298"]

1. e4 c5 2. Nf3 Nc6 3. g3 g6 4. Bg2 Nf6 5. O-O Nxe4 6. d3 Nf6 7. Re1 Bg7 8. c3
d6 9. Be3 O-O 10. Nbd2 Ng4 11. d4 cxd4 12. cxd4 Nxe3 13. fxe3 Bf5 14. Nh4 Bd7
15. Nhf3 Rc8 16. a3 Qc7 17. Rc1 d5 18. b4 Qd6 19. b5 Na5 20. a4 Bf5 21. Ng5 Rxc1
22. Qxc1 Rc8 23. Qd1 Bh6 24. Ngf3 Rc3 25. Nf1 Nc4 26. Kf2 Nb2 27. Qa1 Nd3+ 28.
Kg1 Ra3 0-1

[Event "AUTO-OPEN-1225"]
[Site "http://www.queenalice.com/game.php?id=652754"]
[Date "2009.9.15"]
[Round "3"]
[White "tomklinger"]
[Black "QQ123"]
[Result "0-1"]
[WhiteElo "2025"]
[BlackElo "2340"]

1. e4 c5 2. Nf3 d6 3. d4 cxd4 4. Nxd4 Nf6 5. Nc3 a6 6. Be2 e6 7. O-O Be7 8. f4
O-O 9. Be3 Nc6 10. Qe1 Nxd4 11. Bxd4 b5 12. Bf3 Bb7 13. Rd1 Qc7 14. Qf2 b4 15.
Bxf6 Bxf6 16. Na4 Bc6 17. b3 Bxa4 18. bxa4 Rac8 19. Rd2 Qa5 20. Rxd6 Be7 0-1

[Event "Challenge"]
[Site "http://www.queenalice.com/game.php?id=653861"]
[Date "2009.9.17"]
[Round "-"]
[White "tomklinger"]
[Black "thedead"]
[Result "1-0"]
[WhiteElo "2035"]
[BlackElo "1416"]

1. e4 e5 2. Bc4 Nc6 3. Nf3 Be7 4. d4 exd4 5. c3 Nf6 6. e5 Ne4 7. cxd4 Ng5 8. Be3
d6 9. O-O O-O 10. Nc3 Nxf3+ 11. Qxf3 dxe5 12. dxe5 Nxe5 13. Qe4 Nxc4 14. Qxc4
Be6 15. Qe4 c6 16. Rad1 Qc7 17. Bf4 Qa5 18. a3 Rad8 19. Qf3 Rfe8 20. Qg3 Bf6 21.
Bc7 1-0

[Event "AUTO-OPEN-1271"]
[Site "http://www.queenalice.com/game.php?id=656522"]
[Date "2009.9.22"]
[Round "2"]
[White "tomklinger"]
[Black "emilio2100"]
[Result "1-0"]
[WhiteElo "2037"]
[BlackElo "2046"]

1. e4 d5 2. Nc3 d4 3. Nce2 e5 4. Ng3 f5 5. exf5 Nf6 6. Bc4 Nc6 7. d3 Na5 8. c3
Nxc4 9. dxc4 Be7 10. Nf3 e4 11. Nxd4 O-O 12. Be3 c5 13. Nb3 Qxd1+ 14. Rxd1 b6
15. h3 Bd6 16. Rxd6 Ne8 17. Rd8 Bb7 18. Rxa8 Bxa8 19. O-O Bb7 20. Nd2 Nd6 21.
Bg5 Re8 22. Re1 h6 23. Bf4 Nf7 24. Ndxe4 Kh8 25. f3 a5 26. Rd1 Ba6 27. b3 Bb7
28. Bc7 Bc6 29. Nd6 Nxd6 30. Rxd6 Ba8 31. Rd8 Rxd8 32. Bxd8 1-0

[Event "AUTO-OPEN-1271"]
[Site "http://www.queenalice.com/game.php?id=656523"]
[Date "2009.9.22"]
[Round "2"]
[White "emilio2100"]
[Black "tomklinger"]
[Result "0-1"]
[WhiteElo "2040"]
[BlackElo "2077"]

1. d4 Nf6 2. c4 c6 3. Nc3 d5 4. Bf4 dxc4 5. e3 b5 6. Nf3 Nd5 7. Bg3 Bg4 8. Be2
Nd7 9. O-O e6 10. Ne5 Nxe5 11. dxe5 Bxe2 12. Nxe2 c5 13. Nc3 Nxc3 14. bxc3 Be7
15. f4 Qd3 16. Qf3 O-O 17. Qb7 Rfe8 18. Rad1 Qxe3+ 19. Bf2 Qxf4 20. Rd7 Bf8 21.
Bd4 Qg5 22. Bf2 Reb8 23. Qf3 f6 24. exf6 Qxf6 25. Qxf6 gxf6 26. Bg3 Rd8 27. Rb7
a6 28. Rf4 f5 29. Rh4 Bg7 30. h3 Rd3 31. Bf4 Rxc3 32. g4 Rf8 33. gxf5 exf5 34.
Bh6 Rg3+ 35. Kf2 Rg6 36. Be3 Rc8 37. Kf3 c3 38. Rf4 Rf6 39. Ke2 Re8 40. Kf2 Bh6
41. Rf3 Bxe3+ 42. Rxe3 Rxe3 43. Kxe3 Rd6 44. Rb8+ Kg7 0-1

[Event "Richardlim"]
[Site "http://www.queenalice.com/game.php?id=664868"]
[Date "2009.10.9"]
[Round "4"]
[White "paloberto"]
[Black "tomklinger"]
[Result "0-1"]
[WhiteElo "1883"]
[BlackElo "2132"]

1. e4 c5 2. Nf3 b6 3. c3 g6 4. d4 Bg7 5. Bb5 cxd4 6. cxd4 Bb7 7. Nc3 Nf6 8. e5
Nd5 9. Nxd5 Bxd5 10. O-O O-O 11. Re1 a6 12. Ba4 b5 13. Bb3 e6 14. Bxd5 exd5 15.
b4 Nc6 16. a3 Re8 17. Bg5 Qc8 18. Rc1 Qb7 19. Rc5 Ne7 20. Qc1 Nc8 21. Rc7 Qb8
22. Rxd7 Nb6 23. Rc7 Rc8 24. Rc5 Rxc5 25. Qxc5 Qb7 26. Qd6 Nc4 27. Qe7 Qxe7 28.
Bxe7 Nxa3 29. Rc1 Nc4 30. Rc2 Re8 31. Bg5 h6 32. Bh4 Bf8 33. Ra2 Ra8 34. Nd2
Bxb4 35. Nb3 a5 36. Nc5 Nxe5 37. Bg3 Nc6 38. Nb3 a4 39. Nc5 Nxd4 40. Nd7 Rc8 41.
h3 Be7 42. Nb6 Rc1+ 43. Kh2 Nf5 44. Bf4 Rd1 45. Rb2 a3 46. Ra2 b4 47. Re2 b3 48.
g4 Bd6 49. Re8+ Kg7 50. Be5+ Bxe5+ 51. Rxe5 b2 0-1

[Event "Desafio #03"]
[Site "http://www.queenalice.com/game.php?id=665880"]
[Date "2009.10.11"]
[Round "-"]
[White "Aylton"]
[Black "tomklinger"]
[Result "0-1"]
[WhiteElo "1978"]
[BlackElo "2064"]

1. d4 d5 2. Nf3 Nf6 3. e3 e6 4. c4 c6 5. a3 Be7 6. Nc3 O-O 7. Be2 b6 8. O-O Nbd7
9. h3 a6 10. cxd5 cxd5 11. b4 b5 12. Bb2 Nb6 13. Rc1 Nc4 14. Bxc4 bxc4 15. Qe2
Bd6 16. Rfd1 Bb7 17. Nd2 Qc7 18. Na2 Rfe8 19. Nxc4 dxc4 20. Rxc4 Qd7 21. Rdc1
Bd5 22. Ba1 Bxc4 23. Rxc4 Rec8 24. f3 Rxc4 25. Qxc4 Qb5 26. Qxb5 axb5 27. Bb2
Rc8 28. Nc3 Nd5 29. Nxb5 Bg3 30. e4 Ne3 31. Bc3 Nd1 32. Bd2 Rc2 33. Bg5 f6 34.
Bxf6 gxf6 0-1

[Event "Desafio #04"]
[Site "http://www.queenalice.com/game.php?id=665881"]
[Date "2009.10.11"]
[Round "-"]
[White "tomklinger"]
[Black "Aylton"]
[Result "1-0"]
[WhiteElo "2123"]
[BlackElo "2033"]

1. e4 e5 2. Bc4 Nc6 3. Nc3 d6 4. Nf3 h6 5. O-O f5 6. exf5 Bxf5 7. Nd5 Nf6 8. c3
Nxd5 9. Bxd5 Qd7 10. d3 O-O-O 11. Be3 Kb8 12. d4 e4 13. Nd2 Re8 14. b4 g5 15.
Re1 Bg7 16. a4 b6 17. b5 Na5 18. Rb1 c6 19. bxc6 Nxc6 20. Bc4 d5 21. Bb5 Qe6 22.
a5 Kc7 23. axb6+ axb6 24. Qb3 Rb8 25. f3 exf3 26. Bf2 Qd7 27. Bg3+ Kb7 28. Ra1
Ra8 29. Nxf3 Be4 30. Nd2 Rhe8 31. Rxa8 Rxa8 32. Nxe4 dxe4 33. Rxe4 Ra1+ 34. Re1
Rxe1+ 35. Bxe1 Nxd4 36. cxd4 Bxd4+ 37. Bf2 Bxf2+ 38. Kxf2 Qd4+ 39. Qe3 Qb2+ 40.
Be2 1-0

[Event "Challenge"]
[Site "http://www.queenalice.com/game.php?id=666228"]
[Date "2009.10.12"]
[Round "-"]
[White "anginhacruel"]
[Black "tomklinger"]
[Result "0-1"]
[WhiteElo "1799"]
[BlackElo "2128"]

1. e4 e5 2. Nf3 Nc6 3. Bb5 a6 4. Ba4 Nf6 5. Nc3 d6 6. O-O Bd7 7. a3 Be7 8. d3
O-O 9. Bd2 b5 10. Bb3 Na5 11. Ne2 Nxb3 12. cxb3 Bg4 13. Ba5 Bxf3 14. gxf3 Nh5
15. Qc2 Rc8 0-1

[Event "Challenge"]
[Site "http://www.queenalice.com/game.php?id=683257"]
[Date "2009.11.14"]
[Round "-"]
[White "Ebbe"]
[Black "tomklinger"]
[Result "0-1"]
[WhiteElo "2020"]
[BlackElo "2137"]

1. e4 c5 2. Nf3 Nc6 3. e5 d5 4. d4 cxd4 5. Bb5 Qa5+ 6. c3 Qxb5 7. Nxd4 Nxd4 8.
Qxd4 Bf5 9. Nd2 e6 10. a4 Qc5 11. Qxc5 Bxc5 12. b4 Bb6 13. O-O Ne7 14. a5 Bc7
15. Nf3 O-O 16. Be3 Bg4 17. Bc5 Rfe8 18. Nd4 Bxe5 19. b5 Nf5 20. h3 Bxd4 21.
cxd4 Be2 22. Rfb1 Bd3 23. Rb2 Bc4 24. Re1 f6 25. b6 a6 26. g4 Nh4 27. Re3 e5 28.
Kh2 exd4 29. Bxd4 Rxe3 30. Bxe3 Rd8 31. Kg3 Ng6 32. Rd2 Ne5 33. f4 Nc6 34. Rd1
Nxa5 35. g5 fxg5 36. fxg5 Nc6 37. Bf4 d4 38. Re1 d3 39. Bd2 Nd4 40. Re4 Bb5 41.
Re7 Nf5+ 0-1

[Event "AUTO-OPEN-1804"]
[Site "http://www.queenalice.com/game.php?id=700168"]
[Date "2009.12.19"]
[Round "1"]
[White "razoman"]
[Black "tomklinger"]
[Result "0-1"]
[WhiteElo "1805"]
[BlackElo "2147"]

1. d4 Nf6 2. c4 c6 3. Nc3 d5 4. b3 e6 5. Bb2 Be7 6. Nf3 O-O 7. c5 b6 8. b4 Nbd7
9. a4 a5 10. b5 cxb5 11. c6 Nb8 12. axb5 Bb4 13. Nd2 Re8 14. e3 e5 15. dxe5 Rxe5
16. Ne2 Re8 17. Qc2 Qd6 18. Nd4 Ne4 19. Rd1 Nxd2 20. Rxd2 Bxd2+ 21. Qxd2 Qb4 22.
Qc3 Qxc3+ 23. Bxc3 a4 24. Bd3 a3 25. O-O a2 26. Nc2 Be6 27. Ra1 f5 28. Nb4 Ra3
29. Bd4 Rb3 30. Rxa2 Rxb4 31. Bxb6 Nxc6 32. bxc6 Rxb6 33. Ra6 Rxa6 34. Bxa6 Ra8
35. Bb7 Ra1# 0-1

[Event "AUTO-OPEN-1804"]
[Site "http://www.queenalice.com/game.php?id=700169"]
[Date "2009.12.19"]
[Round "1"]
[White "tomklinger"]
[Black "razoman"]
[Result "1-0"]
[WhiteElo "2145"]
[BlackElo "1808"]

1. e4 c5 2. Nf3 Nc6 3. d4 cxd4 4. Nxd4 a6 5. Nf3 d6 6. c3 Bg4 7. Be2 e5 8. O-O
h6 9. Be3 Nf6 10. Nbd2 Be7 11. h3 Be6 12. b3 O-O 13. c4 Qd7 14. Kh2 Rac8 15. a3
Bd8 16. b4 b6 17. c5 bxc5 18. bxc5 d5 19. exd5 Bxd5 20. Bxa6 Ra8 21. Bb5 Bc7 22.
Kg1 Qe6 23. Re1 Rad8 24. Qc2 e4 25. Bd4 Nxd4 26. Nxd4 Qe5 27. N2f3 Qf4 28. g3
Qxg3+ 29. fxg3 Bxg3 30. Nh2 Bxe1 31. Rxe1 Ba8 32. Nf5 Kh8 33. c6 Rd5 34. c7 Rxf5
35. c8=Q Rg5+ 36. Kf1 Rg8 37. Qxg8+ Nxg8 38. Bc6 Rf5+ 39. Ke2 Bxc6 40. Qxc6 Nf6
41. Qc8+ 1-0

[Event "AUTO-OPEN-1804"]
[Site "http://www.queenalice.com/game.php?id=700196"]
[Date "2009.12.19"]
[Round "1"]
[White "superga49"]
[Black "tomklinger"]
[Result "1-0"]
[WhiteElo "1764"]
[BlackElo "2130"]

1. e4 e5 2. f4 exf4 3. Nf3 d6 4. Bc4 Be6 5. Bxe6 fxe6 6. d4 Nf6 7. Nc3 Be7 8.
Bxf4 O-O 9. Qd2 Nc6 10. O-O Qd7 11. Rad1 a6 12. d5 Na7 13. e5 dxe5 14. Nxe5 Qd8
15. dxe6 Qxd2 16. Rxd2 Bc5+ 17. Kh1 Rae8 18. Nd7 Nxd7 19. exd7 Rd8 20. Ne4 Bb6
21. Rf3 Rf7 22. Bg5 Rdxd7 23. Rxf7 Rxf7 24. Rd8+ Rf8 25. Rxf8+ Kxf8 26. Bd2 Kf7
27. Ng5+ Kg6 28. Ne6 c6 29. c4 c5 30. Bc3 Kf5 31. Nxg7+ Ke4 32. Ne6 Kd3 33. g4
Kxc4 34. Ng5 Bd8 35. Nxh7 Nc6 36. g5 Ne7 37. Bf6 Kd5 38. g6 Ke6 39. Bg5 Kd7 40.
Nf8+ Ke8 41. Ne6 Bb6 42. g7 Ng8 43. Be3 Kf7 44. Bxc5 Kxe6 45. Bxb6 Ne7 46. Bd4
Kf7 47. Kg2 Nf5 48. Be5 Ne3+ 49. Kf3 Nc4 50. Ke4 1-0

[Event "AUTO-OPEN-1804"]
[Site "http://www.queenalice.com/game.php?id=700197"]
[Date "2009.12.19"]
[Round "1"]
[White "tomklinger"]
[Black "superga49"]
[Result "0-1"]
[WhiteElo "2149"]
[BlackElo "1408"]

1. e4 c5 2. Nf3 d6 3. d4 cxd4 4. Nxd4 Nf6 5. Nc3 a6 6. Bc4 e5 7. Nf3 Bg4 8. Be2
Be7 9. O-O b5 10. a3 Nbd7 11. b4 O-O 12. Be3 Nb6 13. h3 Bh5 14. Ng5 Bxe2 15.
Qxe2 Nc4 16. a4 Nxe3 17. fxe3 Qc7 18. Nd1 h6 19. Nf3 Nxe4 20. axb5 Ng3 21. Qf2
Nxf1 22. Kxf1 axb5 23. Rxa8 Rxa8 24. Ke1 Ra2 0-1

[Event "AUTO-OPEN-1804"]
[Site "http://www.queenalice.com/game.php?id=700214"]
[Date "2009.12.19"]
[Round "1"]
[White "Markus1234567"]
[Black "tomklinger"]
[Result "1/2-1/2"]
[WhiteElo "1971"]
[BlackElo "2149"]

1. e4 c5 2. Bc4 e6 3. d3 g6 4. Nh3 Bg7 5. c3 a6 6. a4 Nc6 7. Be3 b6 8. O-O d5 9.
Bb3 Nf6 10. f4 dxe4 11. dxe4 Nxe4 12. Nd2 Nd6 13. Ng5 O-O 14. Qf3 Bb7 15. Rad1
h6 16. Nh3 Qc7 17. Qg3 Nf5 18. Qe1 Na5 19. Bc2 b5 20. Qf2 Nxe3 21. Qxe3 b4 22.
Ne4 Bxe4 23. Bxe4 Rad8 24. cxb4 Bd4 25. Rxd4 cxd4 26. Qe2 Nc4 27. Rc1 d3 28.
Bxd3 Qb6+ 29. Nf2 Nxb2 30. Bxa6 Rd1+ 31. Rxd1 Nxd1 32. a5 Qxf2+ 33. Qxf2 Nxf2
34. Kxf2 Ra8 35. b5 Kf8 36. b6 Ke7 37. b7 Rb8 38. Ke3 Kd7 39. Kd4 Kc7 40. Ke5
Rd8 41. Kf6 Rd6 42. Be2 e5+ 43. Kxf7 exf4 44. a6 Rb6 45. g3 f3 46. Bxf3 Rxa6 47.
g4 g5 48. Kg7 Rb6 49. h3 Kb8 50. Be4 Ka7 51. Bg6 Rxb7+ 52. Kxh6 Rb3 53. Kxg5
Rxh3 54. Bf5 Kb7 55. Kg6 Kc7 56. g5 Rg3 57. Kf6 Kd8 58. g6 Rxg6+ 1/2-1/2

[Event "AUTO-OPEN-1804"]
[Site "http://www.queenalice.com/game.php?id=700215"]
[Date "2009.12.19"]
[Round "1"]
[White "tomklinger"]
[Black "Markus1234567"]
[Result "0-1"]
[WhiteElo "2144"]
[BlackElo "1964"]

1. e4 e5 2. Nf3 Nc6 3. Bb5 Nge7 4. O-O a6 5. Be2 Ng6 6. c3 d5 7. exd5 Qxd5 8. d3
Bc5 9. Be3 Nf4 10. Bxf4 exf4 11. b3 O-O 12. Nbd2 b5 13. c4 Qe6 14. Ne4 Bb6 15.
Qd2 f5 16. Nc3 Bd4 17. Nxd4 Nxd4 18. Rfe1 Qg6 19. Nd5 Kh8 20. f3 Bb7 21. Rf1
Bxd5 22. cxd5 Rad8 23. Bd1 Qg5 24. Rc1 Rxd5 25. Rxc7 Re8 26. Qf2 h5 27. Re1 Re3
28. Rxe3 fxe3 29. Qf1 e2 30. Bxe2 Qe3+ 31. Qf2 Nxe2+ 32. Kf1 Qxf2+ 33. Kxf2 Nf4
34. Kg3 Nxd3 35. Ra7 f4+ 36. Kh4 Nc5 37. Rf7 Nd3 38. g3 fxg3 39. hxg3 Nb4 40. a3
Nc2 41. a4 Nd4 42. axb5 axb5 43. g4 hxg4 44. fxg4 Nxb3 45. g5 b4 46. g6 Kg8 47.
Kg4 Nd2 48. Kf4 b3 49. Rb7 Kf8 50. Rf7+ Kg8 51. Rb7 Rd8 52. Kg5 Ne4+ 53. Kf4 Nc5
54. Rb5 Rc8 55. Kf5 Kf8 56. Ke5 b2 57. Kd4 Ke7 58. Rxb2 Kf6 59. Rb6+ Ne6+ 60.
Ke4 Rc4+ 61. Kd5 Rd4+ 62. Kc6 Kxg6 0-1

[Event "Challenge"]
[Site "http://www.queenalice.com/game.php?id=701643"]
[Date "2009.12.22"]
[Round "-"]
[White "girlalone"]
[Black "tomklinger"]
[Result "0-1"]
[WhiteElo "1727"]
[BlackElo "2127"]

1. e4 e5 2. Nf3 d6 3. d4 exd4 4. Nxd4 Nf6 5. Nc3 Be7 6. Bc4 O-O 7. O-O c6 8. a4
d5 9. exd5 cxd5 10. Bd3 Nc6 11. Nf5 Bxf5 12. Bxf5 a6 13. Qf3 Nd4 14. Qf4 Nxf5
15. Qxf5 Re8 16. Bg5 Ne4 17. Bxe7 Rxe7 18. Nxd5 Re6 19. Rfe1 g6 0-1